| 000 | 01155na a2200301 4500 | ||
|---|---|---|---|
| 001 | 21864 | ||
| 003 | MIRAKIL | ||
| 005 | 20181213155148.0 | ||
| 008 | 170208b tu 000 0 | ||
| 035 | _a21864 | ||
| 040 |
_aMilas _btur _cTR-AnCHP |
||
| 041 | _atur | ||
| 082 |
_a353.04 _bH94 1995 |
||
| 090 | _a353.04 H94 1995 | ||
| 245 |
_aHükümet programı _b51'inci hükümeti kurmakla görevli DYP Genel Başkanı ve Başbakan Prof. Dr. Tansu Çiller'in TBMM'ne sunduğu program _b10 Ekim 1995 _c[Tansu Çiller] |
||
| 246 | _a51'inci hükümeti kurmakla görevli DYP Genel Başkanı ve Başbakan Prof. Dr. Tansu Çiller'in TBMM'ne sunduğu program | ||
| 246 | _a51. hükümet programı | ||
| 260 |
_aAnkara _bBaşbakanlık Basımevi _c1995 |
||
| 300 |
_a51 s. _c22 sm. |
||
| 610 |
_aÇiller Hükümeti _xHükümet programı |
||
| 610 |
_aDoğru Yol Partisi (DYP) _xHükümet programı |
||
| 650 | _aHükümet programları, 1995 | ||
| 650 |
_a51. Hükümet _yHükümet programı |
||
| 650 |
_aSiyaset ve yönetim _xHükümet programları, 1995 _zTürkiye |
||
| 657 | _a51. hükümet programı | ||
| 700 | _aÇiller, Tansu | ||
| 942 |
_2dcc _cBKS |
||
| 999 |
_c7759 _d7759 |
||